Ασκήσεις Γραμματικής και Συνταξης Αγγλικής Γλώσσας / 2 (Record no. 5121)
[ view plain ]
| 000 -LEADER | |
|---|---|
| fixed length control field | 01245cam a22001934a 4500 |
| 005 - ΗΜΕΡΟΜΗΝΙΑ ΚΑΙ ΩΡΑ ΤΕΛΕΥΤΑΙΑΣ ΕΝΗΜΕΡΩΣΗΣ | |
| Πεδίο ελέγχου | 20250605164204.0 |
| 008 - FIXED-LENGTH DATA ELEMENTS--GENERAL INFORMATION | |
| Πεδίο ελέγχου σταθερού μήκους | 250528s ||||||||||||||||||||||||d |
| 035 ## - SYSTEM CONTROL NUMBER | |
| System control number | 19878 |
| 040 ## - ΠΗΓΗ ΚΑΤΑΛΟΓΟΓΡΑΦΗΣΗΣ | |
| Φορέας πρωτότυπης καταλογογράφησης | MC Athens Campus Library |
| Γλώσσα καταλογογράφησης | Ελληνικά, Μοντέρνα (1453-) |
| Modifying agency | MC Athens Campus Library |
| Κανόνες περιγραφικής καταλογογράφησης | AACR2 |
| 245 1# - ΤΙΤΛΟΣ ΚΑΙ ΔΗΛΩΣΗ ΥΠΕΥΘΥΝΟΤΗΤΑΣ | |
| Τίτλος | Ασκήσεις Γραμματικής και Συνταξης Αγγλικής Γλώσσας / 2 |
| 260 ## - PUBLICATION, DISTRIBUTION, ETC. | |
| Name of publisher, distributor, etc. | Interbooks, |
| Date of publication, distribution, etc. | 1995 |
| 300 ## - PHYSICAL DESCRIPTION | |
| Extent | 170 |
| 520 ## - SUMMARY, ETC. | |
| Summary, etc. | Το παρόν βιβλίο αποτελεί συνέχεια στη διδασκαλία της γραμματικής της Αγγλικής των δύο πρώτων εξαμήνων. Στίξη, Χρόνοι του Ρήματος, Προτάσεις και Εισηγήσεις και Συστάσεις, Παρακλήσεις και Ερωτήσεις, Συμβουλή και Έκφραση Επιθυμίας, Υποχρεώσεις και Καθήκοντα και Προτιμήσεις, Συμπερασματικά Modal Verbs, Do και Make, Γερούνδιο, Το Απαρέμφατο, Προθέματα και Καταλήξεις, Προθέσεις, Answers' Key, Παράρτημα. |
| 700 1# - ΠΡΟΣΘΕΤΗ ΑΝΑΓΡΑΦΗ--ΦΥΣΙΚΟ ΠΡΟΣΩΠΟ | |
| Personal name | Τόμπρου Χρυσούλα |
| 9 (RLIN) | 6028 |
| 942 ## - ADDED ENTRY ELEMENTS (KOHA) | |
| Koha item type | Books |
| Τύπος τεκμηρίου | Βιβλιοθήκη | Τρέχουσα τοποθεσία | Barcode | Αριθμός εισαγωγής | Ημερομηνία απόκτησης | Ταξιθετικό σύμβολο | Αριθμός αντιτύπου | Κατάσταση απόσυρσης | Κατάσταση χαμένου | Κατάσταση κατεστραμμένου | Μη δανεισμός | Σύνολο δανεισμών | Ημερομηνία τελευταίας εμφάνισης | Η τιμή ισχύει από |
|---|---|---|---|---|---|---|---|---|---|---|---|---|---|---|
| Books | MC Athens Campus Library | MC Athens Campus Library | 9780000051202 | 6038 | 05/06/2025 | 428.2489 TOM V.2 | 1 | 05/06/2025 | 05/06/2025 |